| 000 | 01524nam a2200289Ia 4500 | ||
|---|---|---|---|
| 005 | 20220316235354.0 | ||
| 008 | 121119s2002 sp gr 000 p spa | ||
| 020 | _a8420633461 | ||
| 041 | 0 | _aspa | |
| 100 | 1 |
_aBorges, Jorge Luis, _d1899-1986 |
|
| 245 | 1 | 0 |
_aObra poética _cJorge Luis Borges |
| 250 | _aQuinta reimpresión | ||
| 264 | 1 |
_aMadrid _bAlianza _c2002 |
|
| 300 | _a121 páginas | ||
| 336 |
_atexto _btxt _2rdacontent |
||
| 337 |
_asin mediación _bn _2rdamedia |
||
| 338 |
_avolumen _bnc _2rdacarrier |
||
| 490 | 0 | _aEl libro de bolsillo : biblioteca de autor | |
| 521 | 3 | _aBrillante en la forma, acerada y precisa en el concepto, rotunda en su expresión, la poesía de Jorge Luis Borges corre parejas con su genial obra narrativa. Este primer volumen de los tres que en esta «Biblioteca de autor» ocupa su Obra poética -que se presenta ordenada cronológicamente-, recoge los tres libros más tempranos de la poesía borgiana -Fervor de Buenos Aires (1923), Luna de enfrente (1925) y Cuaderno San Martín (1929)-, obras que, sucedidas por un prolongado silencio que no habría de romperse hasta 1960 con la publicación de El hacedor, conforman nítidamente la primera etapa de una de las trayectorias líricas más atractivas de nuestro siglo. | |
| 650 | 1 | 4 |
_2LEMB _aLiteratura argentina _ySiglo XX |
| 650 | 1 | 4 |
_2LEMB _aMuerte _vPoesía |
| 650 | 1 | 4 |
_2LEMB _aPoesía amorosa |
| 650 | 1 | 4 |
_2LEMB _aNaturaleza _vPoesía |
| 942 |
_2loc _cBKLIT |
||
| 040 |
_aCO-BoRNBP _bspa _erda _cCO-BoRNBP |
||
| 084 | _aP BOR2 | ||
| 999 |
_c757 _d757 |
||